Southville International School and Colleges
Your cart is empty.
  • Cart
  • Lists
    Public lists Eva Luna New books Lux_list list_1
    Your lists Log in to create your own lists
  • Log in to your account
  • Your cookies
  • Search history
Southville International School and Colleges
  • Advanced search
  • Recent comments
  • Most popular
  • Libraries

Log in to your account

Log in with GOOGLE


If you do not have an external account, but do have a local account, you can still log in:

  1. Home
  2. MARC view: Bringing out the best in people:
Normal view MARC view ISBD view

Bringing out the best in people: (Record no. 359435)

[ view plain ]
MARC details
000 -LEADER
fixed length control field 00580nam a2200193Ia 4500
003 - CONTROL NUMBER IDENTIFIER
control field SISC
005 - DATE AND TIME OF LATEST TRANSACTION
control field 20181121074514.0
008 - FIXED-LENGTH DATA ELEMENTS--GENERAL INFORMATION
fixed length control field 181119s9999 xx 000 0 und d
020 ## - INTERNATIONAL STANDARD BOOK NUMBER
International Standard Book Number 9789713200006
050 ## - LIBRARY OF CONGRESS CALL NUMBER
Classification number BF 503
Item number .M478 2002
100 ## - MAIN ENTRY--PERSONAL NAME
Personal name McGinnis, Alan Loy
245 ## - TITLE STATEMENT
Title Bringing out the best in people:
Remainder of title how to enjoy helping others excel /
Statement of responsibility, etc Alan Loy McGinnis
260 ## - PUBLICATION, DISTRIBUTION, ETC. (IMPRINT)
Place of publication, distribution, etc Quezon City :
Name of publisher, distributor, etc Claretian Publications
Date of publication, distribution, etc 2002
300 ## - PHYSICAL DESCRIPTION
Extent 191 pages :
Dimensions 17 cm.
650 ## - SUBJECT ADDED ENTRY--TOPICAL TERM
Topical term or geographic name as entry element Motivation (Psychology)
650 ## - SUBJECT ADDED ENTRY--TOPICAL TERM
Topical term or geographic name as entry element Psychology, Applied
942 ## - ADDED ENTRY ELEMENTS (KOHA)
Source of classification or shelving scheme Library of Congress Classification
Koha item type Books
Holdings
Withdrawn status Lost status Source of classification or shelving scheme Damaged status Home library Current library Shelving location Date acquired Source of acquisition Total Checkouts Full call number Barcode Date last seen Price effective from Koha item type Public note
    Library of Congress Classification   Luxembourg Library Luxembourg Library High School Section 11/19/2018 Donation   BF 503 .M478 2002 20676 11/19/2018 11/19/2018 Books Donated by Mr. Goldman

Bringing out the best in people:

APA

McGinnis A. L., . (2002). Bringing out the best in people. Quezon City: Claretian Publications.

Chicago

McGinnis Alan Loy, . 2002. Bringing out the best in people. Quezon City: Claretian Publications.

Harvard

McGinnis A. L., . (2002). Bringing out the best in people. Quezon City: Claretian Publications.

MLA

McGinnis Alan Loy, . Bringing out the best in people. Quezon City: Claretian Publications. 2002.

  • Place hold
  • Print
  • Cite
  • Add to your cart (remove)
  • Save record
    BIBTEX Dublin Core MARCXML MARC (non-Unicode/MARC-8) MARC (Unicode/UTF-8) MARC (Unicode/UTF-8, Standard) MODS (XML) RIS
  • More searches
    Search for this title in:
    Other Libraries (WorldCat) Other Databases (Google Scholar) Online Stores (Bookfinder.com) Open Library (openlibrary.org)

Exporting to Dublin Core...

SOUTHVILLE LIBRARY

Southville International School and Colleges Library

1281 Tropical Ave. Cor. Luxembourg St., BF Homes International, Las Pinas City

Tel. No. 8256374 / 252358 Loc. 117/146

Powered by Koha